000 00614nam0a22002291 4500
001 rc\797637
005 20250621234614.0
035 _a(NLR Aleph) 005981974
090 _a7038093
_c7038093
100 _a20041129d1984 |||y0rusy50 ca
101 0 _arus
102 _aRU
105 _ay |||||||||
200 1 _aИндустрия птицеводства
210 _aМ.
_cМоск. рабочий
_d1984
215 _a112 с.
_d16
700 1 _aКраско
_bН.Л.
_gНинель Львовна
801 0 _aRU
_bNLR
_gpsbo
801 1 _aRU
_bELAR
_2rusmarc
852 _aNLR
_j84-2/2963
942 _cBOOK
980 _aNB